01336nam a2200241 a 450000100100000000500170001000800410002704000250006810000460009324501780013926000380031730000270035550000630038250400270044570000420047270000330051495201060054795201060065395201060075995201060086595201060097199900170107700004661920201002053015.0110613s2010 dr a 000 0 spa d aDO-SdBNPbspacBNPHU1 aPeña Escoto de López, Joseline95757710aGuía didáctica :b¡Es la tierra más hermosa que ojos hayan visto! /cJoseline Peña Escoto de López,María Teresa Ruiz de Catrain ; ilustraciones Tania Marmolejo. aSanto Domingo :bPROPAGAS,c2010. a16 p. :bil. ;c32 cm. aIncluye datos biográficos de la autora en la página 13 aBibliografía : p. 1612aRuiz de Catrai, María Teresa97461812aMarmolejo, Taniaeil.957579 00107-18PDaGRbGRcOId2019-04-10iLF1l0o p46619-30r2020-06-25w2020-06-25yLFPDZNo se presta 00107-18PDaGRbGRcOId2019-04-10iLF1l0o p46619-40r2020-06-25w2020-06-25yLFPDZNo se presta 00107-18PDaGRbGRcOId2019-04-10iLF1l0o p46619-50r2020-06-25w2020-06-25yLFPDZNo se presta 00107-18PDaPDbPDcOId2019-04-10iLF1l0o p46619-10r2020-06-25w2020-06-25yLFPDZNo se presta 00107-18PDaPDbPDcOId2019-04-10iLF1l0o p46619-20r2020-06-25w2020-06-25yLFPDZNo se presta c46108d46108